Представление документа в формате MARC21

Поле Инд. ПП Название Значение
Тип записи a
Библиографический уровень b
001 Контрольный номер RU/IS/BASE/443295199
005 Дата корректировки 20200522191635.3
008 Кодируемые данные 20140117
040 b Код языка каталог. rus
e Правила каталог. PSBO
041 0_ a Код языка текста rus
084 a Индекс другой классификации/Индекс ББК 60.73(2Рос)-1
100 1_ a Автор Симагин Ю. А.
q Полное имя Симагин Юрий Алексеевич
245 10 a Заглавие Динамика численности населения малых городских поселений
504 a Библиография Лит. в конце статьи
520 a Аннотация Представлен анализ динамики численности населения поселков городского типа России за период 2001 - 2010 гг. по основным составляющим - естественному движению населения и миграции. Рассмотрены отличия от динамики численности населения России в целом. Выявлены основные причины существующих различий.
650 a Основная рубрика демография
a Основная рубрика народонаселение
653 1_ a Ключевые слова движение населения
a Ключевые слова демографическое развитие
a Ключевые слова динамика численности населения
a Ключевые слова естественное движение населения
a Ключевые слова миграция населения
a Ключевые слова моноотраслевая экономика
a Ключевые слова поселки городского типа
a Ключевые слова размещение населения
a Ключевые слова расселение
a Ключевые слова Россия
a Ключевые слова сельское население
a Ключевые слова условия жизни
a Ключевые слова численность населения
773 0_ t Заглавие источника Народонаселение
d Дата издания источника 2012
g Прочая информация № 2. - С. 47 - 51 : табл.
w Контрольный № источника RU/IS/BASE/401474689
901 t Тип документа b